Child development : (Record no. 10419)
[ view plain ]
| 000 -LEADER | |
|---|---|
| fixed length control field | 00449cam a2200145 a 4500 |
| 020 ## - ISBN | |
| International Standard Book Number | 0471844934 |
| 050 0# - LIBRARY OF CONGRESS CALL NUMBER | |
| Classification Number | RJ131 |
| Item Number | .C56 1987 |
| 100 1# - MAIN ENTRY--Author | |
| Personal name | Clarke-Stewart, Alison, |
| Dates associated with a name | 1943-2014. |
| 245 10 - TITLE | |
| Title | Child development : |
| Remainder of title | infancy through adolescence / |
| Statement of responsibility, etc | Alison Clarke-Stewart, Susan Friedman. |
| 260 ## - PUBLICATION, DISTRIBUTION, ETC.(IMPRINT) | |
| Place of publication, distribution, etc | New York : |
| Name of publisher, distributor, etc | Wiley, |
| Date of publication, distribution, etc | c1987. |
| 300 ## - PHYSICAL DESCRIPTION | |
| Extent | viii, 623 p., [82] p. : |
| 500 ## - GENERALNOTE | |
| General note | Includes indexes. |
| 700 1# - ADDED ENTRY--PERSONAL AUTHOR | |
| Personal Name | Friedman, Susan, |
| 942 ## - ADDED ENTRY ELEMENTS(KOHA) | |
| Source of classification or shelving scheme | Library of Congress Classification |
| Koha item type | General circulation |
| Source of classification or shelving scheme | Not for loan | Location (home branch) | Sublocation (holding branch) | Shelving location | Date accessioned | Full call number | Barcode | Koha item type | Public note |
|---|---|---|---|---|---|---|---|---|---|
| Library of Congress Classification | Mtito Andei Centre Library | Mtito Andei Centre Library | 04/02/2016 | RJ131 .C56 1987 | 2015/009527 | General circulation | amm |